00693nam a2200241 a 4500001001300000003000900013005001700022008004100039020000800080082001500088100001900103245006400122260004500186300000900231500003500240505001700275650001700292650001900309902000800328942000700336952009300343999001500436nice12345678IN_TiNIC20260116011533.0050524s1940 anba grp 000 0 urd  ac500a275.4bAPP aAppaswamy, A J aMasih Hindustani Kalisiya Menb Christ in the Indian Church aAnbalabNational Christian Councilc1940 a140p aincludes index and biblioraphy2 aBibliography aChurch-India aTheology-India bSRS cBK 00104070aHMIbHMId2007-07-18g5.00l0o275.4 APPp3560r2007-07-18w2026-01-16yARB c2423d2423